Statystyki dla Najkrótsze granice miedzynarodowe

Kliknij tutaj aby rozwiązać quiz!

Ogólne statystyki

  • Ten quiz został rozwiązany 810 razy
    (370 od ostatniego zresetowania)
  • Średni wynik to 19 z 30

Statystyki odpowiedzi

Kilomerty/metrypaństwa% Poprawnych
4km i 400metrówFrancja
91%
57 kilometrówFrancja
91%
10 kilometrówFrancja
91%
Watykan
91%
39 kilometrówSan Marino
89%
3kmWłochy
88%
Włochy
88%
Andora
87%
Monako
83%
1km i 200metrówHiszpania
80%
19 kilometrówHiszpania
80%
Liechtenstein
76%
Liechtenstein
76%
19 kilometrówRosja
73%
35 kilometrówAustria
70%
41KilometrówSzwajcaria
69%
Maroko
67%
Wielka Brytania
64%
Korea Północna
59%
Dania
55%
Holandia
52%
1km i 280 metrówKanada
51%
Zambia
46%
600 metrówBotswana
45%
Turcja
40%
9 kilomerówAzerbejdżan
35%
35 kilometrówArmenia
29%
Iran
27%
Czarnogóra
24%
24 KILOMETRYChorwacja
23%

Rozkład punktacji

Percentyl według liczby udzielonych odpowiedzi

Procent ludzi z każdym wynikiem

Twoja historia wyników

Nie rozwiązałeś tego quizu od ostatniego zresetowania